00909 a2200169 4500003000500000005001700005010001700022020001500039040000900054082001700063100001800080245005800098260005700156300005300213505045000266650002300716Nust20230526122335.0 a 2002281209 a0538970286 cNust00a808.0666,ING1 aIngre, David.10aSurvivor's guide to technical writing /cDavid Ingre. aMason, OH :bSouth-Western/Thomson Learning,cc2003. a325 p. :bill. ;c26 cm. +e1 CD-ROM (4 3/4 in.) aBuilding a Foundation (Page-1), Communication Models and the CMAPP Analysis (Page-15), The Technical writing process (Page-39), Research and References (Page-59), Communicating with Graphics and Visuals (Page-79), Describing, Instructing, persuading and Summarizing (Page-107), letters , memos and Electronic Correspondence (Page-137), Reports (Page-165), Proposals (Page-195), Effective presentations (Page-209), Seeking Employment (Page-233).  0aTechnical writing.